000
00327nam a2200133Ia 4500
005
20260326100028.0
008
260326s9999||||xx |||||||||||||| ||und||
100
_a
Mondrian, Piet
245
0
_a
Arte Plástico y Arte Plástico Puro /
_c
Piet Mondrian
260
_b
Victor Leru
300
_a
96 p.
650
_a
ARTE
942
_c
BK
999
_c
6473
_d
6473